000 00326nam a22001337a 4500
008 181031b xxu||||| |||| 00| 0 eng d
020 _a9780735524392
041 _aeng
080 _23rd
_a371
100 _a46
101 _aEDU
245 _aLegal Writing Process, Analysis, and Organization
_cEdwards,L.H
942 _2udc
_cBK
999 _c51280
_d51280